Music Quiz

Random Music or Album Quiz

100 'N' Albums Quiz Stats

 Plays Quiz not verified by Sporcle

Support Sporcle.
Go Orange.
Score 0/100 Timer 15:00
0 Plays Today
% Correct
Night
92%
Never
90%
Night
88%
Night
88%
Nelly
88%
Never
86%
Need
86%
Never
84%
Not
84%
Nat
84%
Never
84%
New
82%
Noches
80%
New
80%
Nightmare
80%
Nobody's
80%
Nevermind
78%
Naomi
78%
Not
78%
Not
78%
Nothing
76%
Nick
76%
Now
76%
Nevermind
76%
Nights
76%
Nation
74%
Nine
74%
Not
74%
News
74%
Nine
74%
Now
74%
No.
72%
Next
72%
New
72%
% Correct
No
70%
No
70%
Now
70%
Nowhere
70%
News
70%
Needed
70%
Number
68%
No.
68%
Nothing
68%
Nature
68%
Now
68%
Nation
68%
Nice
68%
Nation
66%
Narrow
66%
Nation
64%
Nation
64%
No
62%
Numbers
62%
Nashville
60%
Nowhere
58%
Nice
56%
Nebraska
54%
Nylon
54%
Nights
54%
Nickels
50%
not
50%
Nowhere
50%
Nothing
50%
Nice
50%
Next
48%
Nervous
48%
Nothing
48%
Nothing
46%
% Correct
Nasty
46%
Nursery
44%
Neon
42%
Neon
38%
Noise
38%
Natty
38%
Negative
36%
Nothin'
34%
Native
32%
Nite
32%
Notorious
30%
Nite
30%
Net
30%
Neptune
28%
Nighthawks
28%
Nursery
28%
Naked
26%
Nothin'
26%
Next
26%
National
26%
Noise
24%
Note
22%
Northern
20%
Normal
18%
Non-Stop
16%
Nobody
16%
Nuisance
16%
Nostalgia
14%
NYC
6%
Nurse
4%
Nobody
4%
Nighttime
0%

You're not logged in!

Compare scores with friends on all Sporcle quizzes.
OR
Log In

From the Vault

Find the 'J' Countries

by teedslaststand

Get ready for this jeography quiz.
Remove Ads.
Support Sporcle.
Get the best of Sporcle when you Go Orange. This ad-free experience offers more features, more stats, and more fun while also helping to support Sporcle. Thank you for becoming a member.

Show Comments

Extras

Created Feb 20, 2020ReportNominate
Tags:Album Quiz

Top Quizzes Today


Score Distribution

Your Account Isn't Verified!

In order to create a playlist on Sporcle, you need to verify the email address you used during registration. Go to your Sporcle Settings to finish the process.

Report this User

Report this user for behavior that violates our Community Guidelines.

Details: